Movies Quiz

Random Movies or German Quiz

Director: Godard, Haneke, Bergman, or Resnais? Quiz Stats

 Plays Quiz not verified by Sporcle

Challenge
Share
Tweet
Embed
Score 0/40 Timer 04:00
0 Plays Today
% Correct
Jean-Luc Godard
88.1%
Ingmar Bergman
88.1%
Michael Haneke
86.9%
Jean-Luc Godard
85.7%
Jean-Luc Godard
85.7%
Alain Resnais
85.7%
Michael Haneke
84.5%
Ingmar Bergman
81%
Jean-Luc Godard
79.8%
Michael Haneke
78.6%
Michael Haneke
76.2%
Ingmar Bergman
76.2%
Alain Resnais
76.2%
Ingmar Bergman
75%
Jean-Luc Godard
70.2%
Michael Haneke
70.2%
Ingmar Bergman
69%
Ingmar Bergman
66.7%
Alain Resnais
63.1%
Alain Resnais
63.1%
% Correct
Michael Haneke
60.7%
Alain Resnais
60.7%
Jean-Luc Godard
59.5%
Michael Haneke
57.1%
Alain Resnais
57.1%
Ingmar Bergman
52.4%
Ingmar Bergman
51.2%
Alain Resnais
51.2%
Ingmar Bergman
48.8%
Michael Haneke
46.4%
Alain Resnais
46.4%
Jean-Luc Godard
45.2%
Alain Resnais
42.9%
Alain Resnais
40.5%
Ingmar Bergman
35.7%
Jean-Luc Godard
32.1%
Michael Haneke
32.1%
Jean-Luc Godard
31%
Jean-Luc Godard
29.8%
Michael Haneke
25%

You're not logged in!

Compare scores with friends on all Sporcle quizzes.
Join for Free
OR
Log In

You Might Also Like...

Show Comments

Extras

Top Quizzes Today


Score Distribution

Your Account Isn't Verified!

In order to create a playlist on Sporcle, you need to verify the email address you used during registration. Go to your Sporcle Settings to finish the process.

Report this User

Report this user for behavior that violates our Community Guidelines.

Details: